| 000 | 00712nam a2200265Ia 4500 | ||
|---|---|---|---|
| 003 | OSt | ||
| 005 | 20221006151419.0 | ||
| 006 | a|||||r|||| 00| 0 | ||
| 007 | ta | ||
| 008 | 221006b |||||||| |||| 00| 0 eng d | ||
| 020 | _c70.00 | ||
| 024 | _a22,004 | ||
| 037 | _cTextual | ||
| 040 |
_aEASL _cEASL _beng |
||
| 041 |
_2eng _aeng |
||
| 082 | _aW691.1aN69, L1 | ||
| 100 |
_aVIGOR P H Ed. _9659112 |
||
| 245 | 0 |
_aBooks on communism and the Communist countries _b A selected bibliography |
|
| 260 |
_aLondon _bAmpersand England _c1971 |
||
| 300 |
_a444p. _ccm. |
||
| 490 | _v RR | ||
| 650 | _aGen | ||
| 942 |
_hW691.1aN69, L1 _cTEXL _2CC |
||
| 999 |
_c1090090 _d1090090 |
||